Pays qui possédaient Tallinn à travers l'Histoire - Statistiques

Statistiques générales
  • Ce quiz a été pris 58 fois
  • Le résultat moyen est 8 sur 12
Statistiques - réponses
Periode Pays % Correct
1918-1940 Estonie
98%
1991-Aujourd'hui Estonie
98%
1944-1991 URSS
98%
1710-1917 Empire Russe
96%
1917-1918 Estonie Allemande
94%
1940-1942 Reichskommissariat d'Ostland
94%
1561-1710 Empire suédois
82%
1219 - 1346 Royaume de Danemark-Norvège
72%
1237 - 1346 Ordre de Livonie
24%
1346-1561 État Teutonique
6%
1227 - 1237 Ordres des Chevaliers de Porte-Glaive
4%
? - 1219 Comté de Revala
2%
Aucun quiz correspondant
Distribution des résultats
% des personnes avec chaque résultat
Percentile par nombre de réponses
Votre historique - résultats
Vous n’avez pas pris ce quiz